000 00812nam0a22002531 4500
001 rc\153315
005 20250620211413.0
010 _a5-87412-015-7
_930000
035 _a(NLR Aleph) 005420969
090 _a7475192
_c7475192
100 _a20030307d1993 |||y0rusy50 ca
101 0 _arus
102 _aRU
105 _aa |||||||||
200 1 _aСтроговы
_eРоман
_fГеоргий Марков
_g[Худож. С. Пышненко]
210 _aКемерово
_cСовремен. отеч. кн.
_d1993
215 _a638 с.
_cил.
_d21
225 1 _aСерия "Домашняя библиотека"
700 1 _aМарков
_bГ.М.
_f1911-1991
_gГеоргий Мокеевич
801 0 _aRU
_bNLR
_gpsbo
801 1 _aRU
_bELAR
_2rusmarc
852 _aNLR
_j93-3/7243
942 _cBOOK
980 _aNB